00467 2200181 4500001002100000005001500021035002000036245003800056100001900094250002400113300003400137856002300171260003200194082000800226084001400234020001800248990001900266INLIS00000000000050420251008103744 a0010-10250000101 aCatatan Harian seorang Pramuwisma0 aRini Widyawati aCet. 1 : Februari ; axviii + 222 hlm ;c11 x 18 cm aRuang koleksi umum aSurabaya :bJP Books,c2005 a810 a810 RIN c a979-3487-56-9 a800.2025.01308